Desarrollo y poder /
El libro aporta una variedad de artículos que afrontan, desde diversas perspectivas, las relaciones que existen entre el llamado desarrollo propuesto por los agentes internacionales, incluidos las ONG's, y las relaciones de poder. Particularmente interesante resulta el artículo relacionado con...
Պահպանված է:
| Հիմնական հեղինակ: | |
|---|---|
| Ձևաչափ: | Տեքստ |
| Լեզու: | Spanish |
| Հրապարակվել է: |
Barcelona:
INTERMON
2000
|
| Խորագրեր: | |
| Ցուցիչներ: |
Ավելացրեք ցուցիչ
Չկան պիտակներ, Եղեք առաջինը, ով նշում է այս գրառումը!
|
MARC
| LEADER | 00000 a a2200000 04500 | ||
|---|---|---|---|
| 001 | 33179 | ||
| 003 | cru CIDCACS/IIS | ||
| 005 | 20230707095038.0 | ||
| 008 | 230424e2000 -uk||||| |||| 00| 0 spa d | ||
| 040 | |a CRAI/IIS |c CRAI/IIS | ||
| 090 | |a 02.01.01 D441d | ||
| 100 | |a Tegegn, Melakou | ||
| 245 | |a Desarrollo y poder / |c Melakou Tegegn | ||
| 260 | |a Barcelona: |b INTERMON |c 2000 | ||
| 300 | |a 192 p. | ||
| 520 | |a El libro aporta una variedad de artículos que afrontan, desde diversas perspectivas, las relaciones que existen entre el llamado desarrollo propuesto por los agentes internacionales, incluidos las ONG's, y las relaciones de poder. Particularmente interesante resulta el artículo relacionado con el empoderamiento, en el que se contrapone la dignidad y los procesos de apropiación de las comunidades con la prisa y el ejecutivismo de algunas agencias internacionales del Norte. Las cuestiones de legitimidad, representatividad y equilibrio reales de poderes se abordan en diversos artículos que se presentan aquí, y que resultarán de máxima interés para todas aquellas personas interesadas en la cuestión del desarrollo humano y el juego de poder que se debate alrededor de esta cuestión | ||
| 650 | |a COOPERACION INTERNACIONAL | ||
| 650 | |a AYUDA AL DESARROLLO | ||
| 650 | |a ORGANIZACIONES INTERNACIONALES | ||
| 650 | |a ORGANIZACIONES NO GUBERNAMENTALES | ||
| 650 | |a RELACIONES DE PODER | ||
| 650 | |a RELACIONES NORTE SUR | ||
| 650 | |a POLITICA GUBERNAMENTAL | ||
| 650 | |a GENERO | ||
| 650 | |a DESARROLLO SOSTENIBLE | ||
| 942 | |2 ddc |c LI |h 02.01.01 D441d |i 00714 |6 020101_D441D_00714 | ||
| 999 | |c 7805 |d 7805 | ||
